000 00633nam a2200217Ia 4500
003 GCL
008 140319s9999 xx 000 0 ara d
040 _aGCL /
_cGCL
082 0 4 _aق
_b913.0310285
_bم ا
100 1 _aمحمد العزب موسى
245 1 0 _aاسرار الهرم الاكبر /
_cمحمد العزب موسى
260 _a[S.N] :
_bدار المعارف ،
_c1992
300 _a199
490 _a
650 0 4 _aتاريخ
650 0 4 _aمصر القديمة
650 0 4 _aالحضارة الفرعونية
650 0 4 _aالاثار الفرعونية
650 0 4 _aالاهرام
942 _2ddc
_cBK
999 _c30966
_d30966